000 00679nam a2200229Ia 4500
003 OSt
005 20220926011012.0
006 a|||||r|||| 00| 0
007 ta
008 220923b |||||||| |||| 00| 0 eng d
037 _cGeneral Book
040 _aRTL
_cRTL
_beng
041 _2eng
_aeng
082 _aX9(J452).73.N7, M2
100 _aMiles Robert H
_9247452
245 0 _aCoffin nails and corporate strategies
260 _aNew Jersey
_bPrentice Hall
_c1982
300 _axxii, 298p. Bib p. 277-86
_ccm.
650 _aAgriculture Industry-Tea
_9245402
942 _hX9(J452).73.N7, M2
_cGB
_2CC
999 _c618819
_d618819